Sistemy parallel'noj obrabotki

Na minha lista:
Detalhes bibliográficos
Formato: Livro
Idioma:russo
Publicado em: Moskva Mir 1985
Tags: Adicionar Tag
Sem tags, seja o primeiro a adicionar uma tag!

MARC

LEADER 00000nam a2200000 4500
001 c105756
005 20240912131644.2
041 0 |a rus 
044 |a RU 
245 1 0 |a Sistemy parallel'noj obrabotki  |c [Perevod s anglijskogo N.V. Moisejeva i M.A. Frumkina] 
264 1 |a Moskva  |b Mir  |c 1985 
300 |a 412 s.